Central Library OPAC University of Rajshahi

The Trade and merchandise marks act, 1958 / (Record no. 16226)

MARC details
000 -LEADER
fixed length control field 00839cam a2200253u 4500
001 - CONTROL NUMBER
control field 16226
003 - CONTROL NUMBER IDENTIFIER
rucl marc code BD-RjUL
005 - DATE AND TIME OF LATEST TRANSACTION
control field 20211208235959.0
008 - FIXED-LENGTH DATA ELEMENTS--GENERAL INFORMATION
fixed length control field 140213m19721965ii k 001 0 eng
035 ## - SYSTEM CONTROL NUMBER
System control number (BD-RjUL)16281
040 ## - CATALOGING SOURCE
Original cataloging agency DLC
Transcribing agency CarP
Modifying agency DLC
-- BD-RjUL
Language of cataloging eng
041 ## - LANGUAGE CODE
Language code of text/sound track or separate title eng
082 04 - DEWEY DECIMAL CLASSIFICATION NUMBER
Edition number 23
Classification number 346.0488054
Author mark and year IYT 1972
100 1# - MAIN ENTRY--PERSONAL NAME
Personal name Iyengar, T. R. Srinivasa ,
9 (RLIN) 16671
110 1# - MAIN ENTRY--CORPORATE NAME
Corporate name or jurisdiction name as entry element India (Republic)
Form subheading Laws, statutes, etc. [from old catalog]
9 (RLIN) 50191
245 14 - TITLE STATEMENT
Title The Trade and merchandise marks act, 1958 /
Statement of responsibility, etc. , T. R. Srinivasa Iyengar.
260 ## - PUBLICATION, DISTRIBUTION, ETC. (IMPRINT)
Place of publication, distribution, etc. Allahabad :
Name of publisher, distributor, etc. Law Book Co.,
Date of publication, distribution, etc. 1965 [Supplement 1972].
300 ## - PHYSICAL DESCRIPTION
Pagination xxviii, 663 p. :
Illustrations forms. ;
Size 25 cm.
504 ## - BIBLIOGRAPHY, ETC. NOTE
Bibliography, etc Includes index.
650 #0 - SUBJECT ADDED ENTRY--TOPICAL TERM
Topical term or geographic name as entry element Trademarks
Form subdivision Law and legislation
Geographic subdivision India.
9 (RLIN) 50190
942 ## - ADDED ENTRY ELEMENTS (KOHA)
Source of classification or shelving scheme Dewey Decimal Classification
Koha item type Books
Holdings
Lost status Source of classification or shelving scheme Damaged status Not for loan Collection code Permanent Location Current Location Shelving location Date acquired Source of acquisition Cost, normal purchase price Total Checkouts Full call number Date last seen Copy number Koha item type
  Dewey Decimal Classification     Non-fiction Central Library, University of Rajshahi Central Library, University of Rajshahi   07/02/1974 Warsi book corporation 42.00   346.0488054 IYT 1972 13/02/2014 C-2 Books
  Dewey Decimal Classification   Not For Loan Non-fiction Central Library, University of Rajshahi Central Library, University of Rajshahi Reading Room 07/02/1974 wasi book 42.00   346.0488054 IYT 1972 07/11/2019 C-1 Books